000 00610nam a2200217 a 4500
001 39780
003 Mx-PuUPA
005 20260115130252.0
008 140415s1999 mx 000 0 spa d
020 _a968863316X
040 _cMx-PuUPA
041 _aspa
082 _a711.5522
_bSAN
100 1 _aSANTÍN NIETO, SOCORRO
245 1 3 _aEL MERCADO GUADALUPE VICTORIA
260 _aMEXICO :
_bBENEMERITA UNIVERSIDAD AUTONOMA DE PUEBLA,
_c1999
300 _a40
_cx 11 x 17
490 _aTERCER MILENIO.-- ( COLEC. PUEBLA )
650 1 4 _aARQUITECTURA POBLANA
_xVIVIENDA
_xPUEBLA ( CIUDAD )
942 _2ddc
_cLI
999 _c39780
_d39780